'H' Movies by Poster Quiz Stats

 Plays Quiz Updated Mar 29, 2015

Challenge
Share
Tweet
Score 0/20 Timer 05:00
0 Plays Today
% Correct
Home Alone
99.7%
Happy Feet
95.8%
Hook
93.2%
The Hangover
92.6%
Hulk
91.1%
Harry Potter and the Half-Blood Prince
90.3%
Happy Gilmore
86.8%
Honey, I Shrunk the Kids
86.5%
Hellboy
77.1%
The Hobbit: An Unexpected Journey
68.2%
% Correct
Hancock
65.4%
Halloween
64.5%
Hocus Pocus
53.6%
Hotel Rwanda
53.5%
Hot Fuzz
52.6%
Hurt Locker
43.3%
Hanna
35.4%
The Hitchhiker's Guide to the Galaxy
28.3%
Highlander
20.2%
Hoosiers
13.6%

You're not logged in!

Compare scores with friends on all Sporcle quizzes.
OR
Log In

You Might Also Like...

Show Comments

Extras

Top Quizzes Today


Score Distribution

Your Account Isn't Verified!

In order to create a playlist on Sporcle, you need to verify the email address you used during registration. Go to your Sporcle Settings to finish the process.

Report this User

Report this user for behavior that violates our Community Guidelines.

Details: